Abhauen oder bleiben?: Berichte und Analysen aus der Jugendarbeit

Gespeichert in:  
Bibliographische Detailangaben
Beteiligte: Böhnisch, Lothar 1944-2024 (Herausgegeben von)
Medienart: Druck Buch
Sprache:Deutsch
Subito Bestelldienst: Jetzt bestellen.
Verfügbarkeit prüfen: HBZ Gateway
WorldCat: WorldCat
Fernleihe:Fernleihe für die Fachinformationsdienste
Veröffentlicht: München [u.a.] Piper 1980
In:Jahr: 1980
Ausgabe:[1. - 4. Tsd.]
normierte Schlagwort(-folgen):B Deutschland (Bundesrepublik) / Jugendarbeit
B Jugendarbeit
weitere Schlagwörter:B Aufsatzsammlung
B Youth (Government policy)
B Youth centers (Germany (West))
B Social work with youth (Germany (West))

MARC

LEADER 00000cam a2200000 c 4500
001 043901506
003 DE-627
005 20251219214438.0
007 tu
008 850101s1980 gw ||||| 00| ||ger c
015 |a 80,A29,0263  |2 dnb 
016 7 |a 800384814  |2 DE-101 
020 |a 3492025242  |9 3-492-02524-2 
035 |a (DE-627)043901506 
035 |a (DE-576)00829240X 
035 |a (DE-599)GBV043901506 
035 |a (OCoLC)7672129 
035 |a (OCoLC)299627964 
035 |a (DE-604)8010045481 
035 |a (AT-OBV)AC03358375 
040 |a DE-627  |b ger  |c DE-627  |e rakwb 
041 |a ger 
044 |c XA-DE-BY  |c XA-DE 
050 0 |a HV1441.G3 
082 0 |a 362.7960943 
082 0 |a 362.7/96/0943  |q OCLC 
084 |a SOZ 667  |2 sfb 
084 |a 05b  |a 10a  |2 sdnb 
084 |a 1  |2 ssgn 
084 |a DG 8500  |2 rvk  |0 (DE-625)rvk/19562: 
084 |a DS 7140  |2 rvk  |0 (DE-625)rvk/19959: 
084 |a MS 2500  |2 rvk  |0 (DE-625)rvk/123640: 
245 0 0 |a Abhauen oder bleiben?  |b Berichte und Analysen aus der Jugendarbeit  |c hrsg. von Lothar Böhnisch ... 
250 |a [1. - 4. Tsd.] 
264 1 |a München [u.a.]  |b Piper  |c 1980 
300 |a 303 S. 
336 |a Text  |b txt  |2 rdacontent 
337 |a ohne Hilfsmittel zu benutzen  |b n  |2 rdamedia 
338 |a Band  |b nc  |2 rdacarrier 
500 |a Literaturverz. S. 293 - 303. - Auf d. Rücken: Böhnisch-Münchmeier-Sander 
583 1 |a Archivierung/Langzeitarchivierung gewährleistet  |f SSG  |x XA-DE-BW  |2 pdager  |5 DE-21 
583 1 |a Archivierung prüfen  |c 20240324  |f DE-4165  |z 3  |2 pdager 
601 |a Bericht 
650 0 |a Social work with youth  |z Germany (West) 
650 0 |a Youth  |z Government policy 
650 0 |a Youth centers  |z Germany (West) 
655 7 |a Aufsatzsammlung  |0 (DE-588)4143413-4  |0 (DE-627)105605727  |0 (DE-576)209726091  |2 gnd-content 
689 0 0 |d g  |0 (DE-588)4011889-7  |0 (DE-627)104732423  |0 (DE-576)208896201  |2 gnd  |a Deutschland  |g Bundesrepublik 
689 0 1 |d s  |0 (DE-588)4028863-8  |0 (DE-627)106276654  |0 (DE-576)208979883  |2 gnd  |a Jugendarbeit 
689 0 |5 DE-101 
689 1 0 |d s  |0 (DE-588)4028863-8  |0 (DE-627)106276654  |0 (DE-576)208979883  |2 gnd  |a Jugendarbeit 
689 1 |5 (DE-627) 
689 2 0 |d s  |0 (DE-588)4028863-8  |0 (DE-627)106276654  |0 (DE-576)208979883  |2 gnd  |a Jugendarbeit 
689 2 |5 (DE-627) 
700 1 |e Hrsg.  |0 (DE-588)115427996  |0 (DE-627)077246535  |0 (DE-576)16034400X  |4 edt  |a Böhnisch, Lothar  |d 1944-2024 
889 |w (DE-576)442235003 
935 |a mteo 
935 |i Blocktest 
936 r v |a DG 8500  |b Sozialpädagogik (Sozialarbeit, Sozialhilfe), Sozialerziehung (Gruppenpädagogik, Jugendarbeit)  |k Pädagogik  |k Spezialfragen der Erziehung  |k Sozialpädagogik (Sozialarbeit, Sozialhilfe), Sozialerziehung (Gruppenpädagogik, Jugendarbeit)  |0 (DE-627)1270769510  |0 (DE-625)rvk/19562:  |0 (DE-576)200769510 
936 r v |a DS 7140  |b Prävention in der Jugendhilfe (Jugendarbeit, Jugendpflege, Freizeitbetreuung, -beratung)  |k Pädagogik  |k Sozialpädagogik, Sozialarbeit  |k Berufsfelder  |k Jugendhilfe  |k Prävention in der Jugendhilfe (Jugendarbeit, Jugendpflege, Freizeitbetreuung, -beratung)  |0 (DE-627)1270705717  |0 (DE-625)rvk/19959:  |0 (DE-576)200705717 
936 r v |a MS 2500  |b Jugendbewegung, Jugendverbände, Jugendorganisationen  |k Soziologie  |k Spezielle Soziologien  |k Jugendsoziologie  |k Jugendbewegung, Jugendverbände, Jugendorganisationen  |0 (DE-627)1270715518  |0 (DE-625)rvk/123640:  |0 (DE-576)200715518 
951 |a BO 
ACO |a 1 
ELC |b 1 
ITA |a 1  |t 1 
LOK |0 000 xxxxxcx a22 zn 4500 
LOK |0 001 3164536658 
LOK |0 003 DE-627 
LOK |0 004 043901506 
LOK |0 005 20010810000000 
LOK |0 008 960702||||||||||||||||ger||||||| 
LOK |0 040   |a DE-21  |c DE-627  |d DE-21 
LOK |0 852   |a DE-21 
LOK |0 852 1  |c 20 A 9588  |9 00 
LOK |0 935   |a kram  |a konv 
LOK |0 939   |a 02-07-96  |b l01 
LOK |0 000 xxxxxcx a22 zn 4500 
LOK |0 001 3164536704 
LOK |0 003 DE-627 
LOK |0 004 043901506 
LOK |0 005 20100408030103 
LOK |0 008 970924||||||||||||||||ger||||||| 
LOK |0 040   |a DE-21-31  |c DE-627  |d DE-21-31 
LOK |0 541   |e 51372 
LOK |0 852   |a DE-21-31 
LOK |0 852 1  |c Sf V 35  |m p  |9 00 
LOK |0 938   |k p 
LOK |0 939   |a 24-09-97  |b l01 
LOK |0 000 xxxxxcx a22 zn 4500 
LOK |0 001 3164536712 
LOK |0 003 DE-627 
LOK |0 004 043901506 
LOK |0 005 20020607000000 
LOK |0 008 930519||||||||||||||||ger||||||| 
LOK |0 040   |a DE-21-110  |c DE-627  |d DE-21-110 
LOK |0 852   |a DE-21-110 
LOK |0 852 1  |c O X 195  |m p  |9 00 
LOK |0 935   |a k110 
LOK |0 936ln  |a 4.3.1 
LOK |0 938   |k p 
LOK |0 939   |a 19-05-93  |b l01 
LOK |0 000 xxxxxcx a22 zn 4500 
LOK |0 001 3164536720 
LOK |0 003 DE-627 
LOK |0 004 043901506 
LOK |0 005 20100406235905 
LOK |0 008 050716||||||||||||||||ger||||||| 
LOK |0 040   |a DE-21-43  |c DE-627  |d DE-21-43 
LOK |0 541   |e 80/763 
LOK |0 852   |a DE-21-43 
LOK |0 852 1  |c Ha 233  |m p  |9 00 
LOK |0 935   |a k043 
LOK |0 938   |k p 
LOK |0 939   |a 16-07-05  |b l01 
LOK |0 000 xxxxxcx a22 zn 4500 
LOK |0 001 3164536739 
LOK |0 003 DE-627 
LOK |0 004 043901506 
LOK |0 005 20100407031231 
LOK |0 008 050308||||||||||||||||ger||||||| 
LOK |0 040   |a DE-21-37  |c DE-627  |d DE-21-37 
LOK |0 541   |e 13307 
LOK |0 852   |a DE-21-37 
LOK |0 852 1  |c I 794  |m p  |9 00 
LOK |0 935   |a k037 
LOK |0 938   |k p 
LOK |0 939   |a 08-03-05  |b l01 
ORI |a SA-MARC-ixtheoa001.raw 
REL |a 1 
STA 0 0 |a Youth work 
STB 0 0 |a Travail avec les jeunes 
STC 0 0 |a Trabajo sociopedagógico con menores 
STD 0 0 |a Lavoro sociale con i giovani 
STE 0 0 |a 青少年工作,青年工作 
STF 0 0 |a 青少年工作,青年工作 
STG 0 0 |a Trabalho sociopedagógico com menores 
STH 0 0 |a Социальная работа с молодёжью 
STI 0 0 |a Κοινωνική εργασία με νέους 
SUB |a REL 
SYG 0 0 |a DDR,Deutsche Demokratische Republik,Germany,Amerikanische Zone Deutschlands,BRD,Britische Zone Deutschlands,Bundesrepublik Deutschland,Französische Zone Deutschlands,Vereinigtes Wirtschaftsgebiet Deutschlands,BRD,Bundesrepublik Deutschland , Vereinigtes Wirtschaftsgebiet,Bizone,Verwaltung des Vereinigten Wirtschaftsgebietes,Französische Zone,Zone Française d'Occupation,Französische Besatzungszone,ZFO,Britische Zone,British occupation zone,Britische Besatzungszone,British Zone of Control,Britisches Kontrollgebiet,British Element,Britisches Element,Sowjetische Zone,Russische Zone,Sowjetische Besatzungszone,Russische Besatzungszone,Sowjetische Besatzungszone Deutschlands,Sowjetische Besatzungszone in Deutschland,Sowjetisch Besetzte Zone,Sowjetzone,Ostzone,SBZ,Länder,Westliche Bundesländer,Alte Bundesländer,Deutschland,Westdeutschland,Deutschland,Westzonen,Westliche Besatzungszonen,Trizone,Amerikanische Zone,American occupation zone,Amerikanische Besatzungszone,ABZ,United States Area of Control,Amerikanisches Kontrollgebiet,U.S. zone of occupation,United States Zone,U.S. Zone,US-Zone,Alemanha,Alemania,Allemagne,Almanija,Almāniyā,Bondsrepubliek Duitsland,BRD,BRD,Bundesrepublik Deutschland,Deutschland,Deutschland,Federal Republic of Germany,Förbundsrepubliken Tyskland,Förbundsrepublikken Tyskland,FRG,Germany,Németországi Szövetségi Kőztársaság,Niemiecka Republika Federalna Niemiecka Republika Federalna,NRF,Repubblica Federale di Germania,Republic of Germany,República Federal da Alemanha,República Federal de Alemania,Republik Federasi Djerman,Republika Federalna Niemiec,République Fédérale d'Allemagne,RFN,Saksan Liittotasavalta,Westdeutschland,Deutsche Demokratische Republik,DDR,Deutschland,German Democratic Republic,GDR,République Démocratique Allemande,RDA,Germanskaja Demokratičeskaja Respublika,Demokratičeskaja Respublika,Democratic Republic,Demokratische Republik,Niemiecka Republika Demokratyczna,NRD,Ǧumhūrīyat Almāniyā ad-Dīmuqrāṭīya,República Democrática Alemana,Saksan Demokraattisen Tasavallan,Repubblica Democratica Tedesca,Mitteldeutschland,Ostdeutschland,East Germany,Ostzone,Deutsche Länder,Germany,Heiliges Römisches Reich,Rheinbund,Deutscher Bund,Norddeutscher Bund,Deutsches Reich,Deutschland,Deutschland,BRD,Federal Republic of Germany,Republic of Germany,Allemagne,Ǧumhūrīyat Almāniyā al-Ittiḥādīya,Bundesrepublik Deutschland,BRD,Niemcy,République Fédérale d'Allemagne,Repubblica Federale di Germania,Germanija,Federativnaja Respublika Germanija,FRG,Deyizhi-Lianbang-Gongheguo,Östliche Bundesländer,Neue Bundesländer,Länder,Deutschland,Ostdeutschland,Deutschland,Deutschland , Außerschulische Jugendarbeit,Kinderarbeit,Jugendpflege , Außerschulische Jugendarbeit,Kinderarbeit,Jugendpflege , Außerschulische Jugendarbeit,Kinderarbeit,Jugendpflege 
TIM |a 100019490523_100019901002  |b 1949-05-23 - 1990-10-02